000 01007nam a2200277 4500
001 126793
003 ES-MaACL
005 20251011063131.0
007 t|
008 070214m19651967sp r ||||1| cat d
100 1 _aRiba, Carles,
_d1893-1959
_996698
245 1 0 _aObres completes /
_cCarles Riba.
250 _a1ª ed.
260 _aBarcelona :
_bEd. 62,
_c1965-67.
300 _a2 v. ;
_c21 cm.
490 1 _aClassics catalans del segle XX
505 8 _aContiene: v. I: Poesia i narrativa / introducció d'Arthur Terry ; edició a cura de J. Ll. Marfany ---- v. II: Assaigs crities / introducció de Giuseppe E. Sansone ; edició a cura de J. Ll. Marfany
700 1 _aTerry, Arthur.
_9109803
700 1 _aMarfany, Joan-Lluís,
_d1943-
_976601
700 1 _aSansone, Giuseppe E.
_9103224
740 0 _aPoesia i narrativa.
740 0 _aAssaigs crities.
830 0 _aClassics catalans del segle XX
_9186686
852 _aES-MaACL
_jP-215-bis
_bR.56660
999 _c126793
_d126793